| 000 | 00485nam a2200181Ia 4500 | ||
|---|---|---|---|
| 008 | 240925s9999 xx 000 0 und d | ||
| 020 | _a442227450 | ||
| 082 | _a621.38254 GAG | ||
| 100 | _aGagliard ,Robert M. | ||
| 245 | 0 | _aSatellite Communications | |
| 250 | _a2nd | ||
| 260 |
_aNew York: _bVan Nostrand Rein Hold _c,1991. |
||
| 300 |
_axviii,816p. _bNA _fPhotocopy |
||
| 500 | _aIncludes Index | ||
| 600 | _aTelecommunication Engineering | ||
| 650 | _aTechnology | ||
| 942 | _cBK | ||
| 999 |
_c9029 _d9029 |
||